Quizzes
Events
Quiz Creation
Community
Videos
Private Events
Remove Ads
Sign In
Join for FREE
Feedback
Dark Mode
Quiz Categories
Sports
Geography
Music
Movies
Television
Just For Fun
Miscellaneous
History
Literature
Language
Science
Gaming
Entertainment
Religion
Holiday
For Kids
Quiz Lab
Recent
Popular Today
Quiz Kudos Today
Editor Picks
Curator Picks
Quizzes by...
Day
Popularity
Type
Ratings
Length
Year
Community
Subscriptions
Recent Discussions
Orange Saloon
Badges
Playlists
Quests
Create
Leaderboards
Showdown
Live 5
Trivia Bingo
Activity
Puzzle Library
Sporcle Events
Private Events
Virtual Trivia
Globe League
Become a Host
Pub Owners
SporcleCon
Opinionation
Our Games
Videos
Blog
Mobile Apps
Partnerships
Remove Ads and Go Orange
Feedback
Sports
Athletes
MLB
NBA
NHL
NFL
Soccer
Sports Teams
WWE
NCAA
Football
Premier League
Basketball
Baseball
Hockey
Golf
Tennis
Cricket
Rugby
Auto Racing
Olympics
World Cup
Sports
Athletes
MLB
NBA
NHL
NFL
Soccer
Sports Teams
WWE
NCAA
Football
Premier League
Basketball
Baseball
Hockey
Golf
Tennis
Cricket
Rugby
Auto Racing
Olympics
World Cup
Random Quiz
Search Sporcle
×
Quiz Lab
Quiz Lab
Sports
Football
Type in answers that appear in a list
Type in answers that appear in a list
Classic
Best Score? Go Orange.
ACC Football All Time Team Leaders Stats
Can you name the all time leaders in passing, rushing and receiving yards for each ACC team?
By
JohnnyWalker
10m
36 Questions
284 Plays
284 Plays
284 Plays
Comments
Comments
Give Quiz Kudos
Give Quiz Kudos
-
- Ratings
hide this ad
Replay
Link that replays current quiz
Next Quiz
Link to next quiz in quiz playlist
You Got
0%
They Got
Avg Score
28%
Avg Friend Score
Upgrade to see
Score Distribution
Jump to the score distribution portion of the page
Score
0/36
Timer
10:00
0
Plays Today
Team
Player
% Correct
Passing
Doug Flutie
86.3%
Passing
Philip Rivers
75.4%
Passing
Chris Weinke
74.3%
Receiving
Calvin Johnson
69.7%
Passing
Ken Dorsey
55.3%
Rushing
Warrick Dunn
54.9%
Passing
Charlie Whitehurst
52.1%
Passing
Matt Schaub
49.6%
Passing
Riley Skinner
45.4%
Rushing
Thomas Jones
42.6%
Passing
Joe Hamilton
40.1%
Receiving
Hakeem Nicks
38.7%
Passing
Thaddeus Lewis
38.4%
Receiving
Tory Holt
37.7%
Receiving
Jermaine Lewis
37.3%
Receiving
Santana Moss
29.2%
Rushing
Ted Brown
27.1%
Passing
Bryan Randall
23.9%
Team
Player
% Correct
Passing
Darian Durant
19.7%
Rushing
LaMont Jordan
17.6%
Receiving
Clarkston Hines
14.1%
Receiving
Aaron Kelly
12.7%
Rushing
Ottis Anderson
12%
Rushing
Amos Lawrence
10.9%
Rushing
Cyrus Lawrence
10.9%
Rushing
Chris Barclay
10.2%
Rushing
Raymond Priester
9.9%
Passing
Scott Milanovich
8.8%
Receiving
Billy McMullen
7.4%
Receiving
Ricky Proehl
7.4%
Rushing
Chris Douglas
4.9%
Rushing
Robert Lavette
4.2%
Receiving
Ron Sellers
3.2%
Rushing
Derrick Knight
2.8%
Receiving
Pete Mitchell
2.5%
Receiving
Ricky Scales
2.1%
Quiz Playlist
Details
Report
Send in Message
Add To Playlist
Classic:
Type in answers that appear in a list
Last Updated: Feb 16, 2017
Quiz Scoreboard
CHALLENGE
Sign Up to Join the Scoreboard
Show All
Scores
Hide
Comments
May contain spoilers
Recently Published
Click the 1999 NBA Draft
by nibperrychub
Sports
2m
Alphabetical 'K' Countries by Flag Minefield
by ylime102
Geography
3m
Pick 6: Fruits
by JohnFran
Miscellaneous
15s
More to Explore
Quiz From the Vault
Featured Blog Post
15 Basketball Trivia Facts You Can Be March Mad About
hide this ad
You Might Also Like...
Tags
Football Quiz
ACC
Passing
Player
Receiving
Rushing
team
Yard
Today's Top Quizzes in Sports
Browse Sports
hide this ad
Today's Top Quizzes in Football
Browse Football
Top Contributed Quizzes in Sports
1
Les joueurs à 100 buts en Ligue 1 Uber Eats
2
Pick 6: NFL Teams
3
MLB 2 truths and a lie: Hall of Fame pitchers
4
2022 World Cup Stars
5
Criteria MLB: Left Handed Sluggers
6
Millionaire: NBA Finals Edition
7
Pick 6: Minor League Baseball
8
Click the 1998 NBA Draft
9
Don't Strike Out: 3000 Strikeouts
10
Pick 6: Olympics
Explore More
Trending Topics
Anime
NBA
Disney
Marvel
Crossword
Harry Potter
Kpop
Song
Pokémon
Soccer
The Office
Country
NFL
Puzzle
WWE
hide this ad
More By:
JohnnyWalker
Quiz
Plays
Rating
Category
Featured
Created
NC State Basketball Players
586
5.00
Sports
Apr 16, 2010
NC State Football Leaders
351
5.00
Sports
Apr 16, 2010
ACC All Time Team Points Leaders
344
4.50
Sports
Apr 17, 2010
ACC Football All Time Team Leaders
284
5.00
Sports
Apr 18, 2010
Go to Creator's Profile
Score Distribution
Quiz Creator Spotlight
JohnnyWalker
Follow
Send a Message
Quizzes Created
-
Created Quiz Play Count
-
More By This Creator
Popular Quizzes Today
1
Countries of Asia Without Outlines Minefield
2
Find the US States - No Outlines Minefield
3
Pick 6: Fruits
4
Alphabetical 'K' Countries by Flag Minefield
5
The Countries of the World
6
Find the US States
7
US States
8
Match the Book to the Film X
More Sports Quizzes
International Footballers: Note the New Zealanders
Quiz Lab
Trending Quizzes
Pick 6: Harry Potter
Pick 6: Mountains
Pick 6: NFL Teams
Pick 6: Flags
Pick 6: Movie Franchises
Recently Updated
NWSL Teams
pecheneg
Women's Final Four Teams by Year
bhenderson79
Presidents Quartet II
eogle
Anything But Clue(do)
eogle
Anything But Oceanian Capitals
eogle
Anything But 7
eogle
Anything But Thing
eogle
Word Ladder: February 29
pecheneg
Song Title Questions
pecheneg
Women's NCAA Tournament #1 Seeds
pecheneg
Trending Topics
Crossword
Kpop
Anime
NBA
Disney
Marvel
Harry Potter
Song
NFL
WWE
Country
The Office
Soccer
Puzzle
Pokémon
Your Account Isn't Verified!
In order to create a playlist on Sporcle, you need to verify the email address you used during registration. Go to your
Sporcle Settings
to finish the process.
Report this User
Report this user for behavior that violates our
Community Guidelines
.
Details:
Send Report
Go to the Sporcle.com Mobile Site →
Comments